000 00703cam a2200229 a 4500
001 14027131
005 20180123071759.0
008 050706s2006 iluab bf 001 0deng
010 _a 2005016631
020 _a0716601060
040 _aDLC
_cDLC
_dDLC
041 _aeng
080 _a031 FET
082 0 0 _a031 FET
_222
100 _a23
101 _aENC
245 0 4 _aThe World Book encyclopedia.
504 _aIncludes bibliographical references and index.
906 _a7
_bcbc
_corignew
_d1
_eecip
_f20
_gy-gencatlg
942 _2ddc
_cBK
999 _c40776
_d40776